U.S. States with the Largest Czech (Bohemian) Populations - Statistics

General Stats
  • This quiz has been taken 102 times
  • The average score is 7 of 10
Answer Stats
Rank Czech Population State % Correct
9 44,942 New York
95%
6 77,673 California
91%
1 155,855 Texas
86%
10 42,890 Florida
82%
7 70,009 Ohio
77%
2 123,708 Illinois
76%
4 85,056 Minnesota
58%
3 97,220 Wisconsin
58%
8 51,508 Iowa
54%
5 83,462 Nebraska
46%
No matching quizzes found
Score Distribution
Percent of People with Each Score
Percentile by Number Answered
Your Score History
You have not taken this quiz